[Event "II Open A"]
[Site "Conegliano ITA"]
[Date "2008.06.01"]
[Round "4"]
[White "Cherin, Diego"]
[Black "Mateo, Ramon"]
[Result "1/2-1/2"]
[WhiteElo "2267"]
[BlackElo "2506"]
[PlyCount "134"]
[EventDate "2008.05.31"]

1. e4 c5 2. Nf3 d6 3. d4 cxd4 4. Nxd4 e5 5. Bb5+ Bd7 6. Bxd7+ Qxd7 7. Ne2 Qg4
8. Qd3 Qxg2 9. Rg1 Qxh2 10. Qf3 g5 11. Bxg5 Bh6 12. Bf6 Nxf6 13. Qxf6 Rf8 14.
Qf3 Qh4 15. Rh1 Qg5 16. Qh3 Bg7 17. Rg1 Qh6 18. Qc8+ Ke7 19. Qg4 Rg8 20. Nbc3
Nd7 21. Nd5+ Kd8 22. Qf5 Rf8 23. Rd1 Rc8 24. c3 Bf6 25. Rd3 Be7 26. Rh3 Qe6 27.
Ng3 h6 28. Nxe7 Kxe7 29. Qf3 Kd8 30. Nf5 Rh8 31. b3 Kc7 32. Rgh1 Rcg8 33. Rxh6
Rxh6 34. Rxh6 Rg6 35. Qe3 Rxh6 36. Qxh6 d5 37. Qxe6 fxe6 38. Ng3 Nc5 39. Kd2
Kd6 40. Ke3 a5 41. f3 b5 42. Nf1 b4 43. cxb4 axb4 44. Nh2 Na6 45. Ng4 Nb8 46.
Nf6 Nc6 47. Ne8+ Kc5 48. Nc7 Nd4 49. Na6+ Kb5 50. Nc7+ Kb6 51. Ne8 Kc6 52. f4
Nb5 53. fxe5 Nc3 54. Nf6 dxe4 55. Kd4 e3 56. Kxe3 Nxa2 57. Kd4 Kb5 58. Ne8 Kc6
59. Kc4 Nc3 60. Ng7 Nd1 61. Nxe6 Ne3+ 62. Kd4 Nf5+ 63. Ke4 Ng3+ 64. Kf4 Ne2+
65. Ke3 Nc1 66. Nd4+ Kd5 67. e6 Kd6 1/2-1/2

[Event "II Open A"]
[Site "Conegliano ITA"]
[Date "2008.06.01"]
[Round "4"]
[White "Chierici, Marianna"]
[Black "Pelosin, Matteo"]
[Result "1-0"]
[WhiteElo "2071"]
[BlackElo "1932"]
[PlyCount "39"]
[EventDate "2008.05.31"]

1. e4 e6 2. d3 d5 3. Nd2 Nf6 4. Ngf3 c5 5. g3 Nc6 6. Bg2 Be7 7. O-O O-O 8. h4
b6 9. Re1 Bb7 10. e5 Nd7 11. Nf1 d4 12. Bf4 Nb4 13. Ng5 Bxg2 14. Kxg2 Nd5 15.
Qg4 Nxf4+ 16. gxf4 h6 17. Nf3 b5 18. Ng3 Re8 19. f5 exf5 20. Nxf5 1-0

[Event "II Open A"]
[Site "Conegliano ITA"]
[Date "2008.06.01"]
[Round "4"]
[White "Codenotti, Marco"]
[Black "Solinas, Carlo"]
[Result "1-0"]
[WhiteElo "2063"]
[BlackElo "2087"]
[PlyCount "89"]
[EventDate "2008.05.31"]

1. e4 e5 2. Nf3 Nc6 3. Bb5 f5 4. d3 fxe4 5. dxe4 Nf6 6. Nc3 d6 7. Qd3 Be7 8.
Qc4 Bd7 9. Ng5 Rf8 10. Ne6 Bxe6 11. Qxe6 Qd7 12. Qc4 a6 13. Ba4 Rb8 14. Qd3 Kf7
15. Bb3+ Ke8 16. a3 Nd4 17. Ba2 Qg4 18. Be3 c5 19. h3 Qd7 20. O-O b5 21. Bxd4
cxd4 22. Nd5 g5 23. c3 Nh5 24. cxd4 Nf4 25. Nxf4 exf4 26. f3 Rf6 27. e5 dxe5
28. Qxh7 Qf5 29. Qh5+ Kd8 30. dxe5 Bc5+ 31. Kh1 Qxe5 32. Rfe1 Be3 33. Qh8+ Kc7
34. Qg7+ Kb6 35. Rad1 Rb7 36. Qh8 Qe7 37. Bd5 Rf8 38. Qh6+ Rf6 39. Qxg5 Rc7 40.
Be4 Bf2 41. Re2 Rc5 42. Qg4 Qd6 43. Rxd6+ Rxd6 44. Rxf2 Rd1+ 45. Kh2 1-0

[Event "II Open A"]
[Site "Conegliano ITA"]
[Date "2008.06.01"]
[Round "4"]
[White "D'Alessio, Angelo"]
[Black "Santacaterina, Pietro"]
[Result "1-0"]
[WhiteElo "1976"]
[BlackElo "1815"]
[PlyCount "46"]
[EventDate "2008.05.31"]

1. e4 d6 2. d4 Nf6 3. Bd3 g6 4. Ne2 Bg7 5. O-O O-O 6. f3 c6 7. c4 Qc7 8. Nbc3
e5 9. d5 Bd7 10. Be3 c5 11. Qd2 a6 12. a4 Ne8 13. f4 f5 14. Ng3 fxe4 15. Ncxe4
Bf5 16. Nxf5 gxf5 17. Ng5 Rf7 18. Nxf7 e4 19. Ng5 exd3 20. Ne6 Qe7 21. Qxd3 Qf6
22. Rab1 Nd7 23. Bd2 Qd4+ 1-0

[Event "II Open A"]
[Site "Conegliano ITA"]
[Date "2008.06.01"]
[Round "4"]
[White "De Filomeno, Simone"]
[Black "Tahirovic, Adnan"]
[Result "1-0"]
[WhiteElo "2088"]
[BlackElo "1800"]
[PlyCount "63"]
[EventDate "2008.05.31"]

1. e4 d6 2. d4 Nf6 3. Nc3 g6 4. Bg5 Bg7 5. Qd2 Nbd7 6. O-O-O c6 7. Bh6 O-O 8.
f3 b5 9. h4 b4 10. Nce2 Qa5 11. Kb1 Ba6 12. g4 Rfe8 13. Bxg7 Kxg7 14. h5 e5 15.
hxg6 fxg6 16. Qh6+ Kg8 17. g5 Nh5 18. Ng3 Ng7 19. Bxa6 Qxa6 20. Qxh7+ Kf7 21.
dxe5 Nf8 22. Qh4 dxe5 23. N1e2 Red8 24. f4 c5 25. Rdf1 Rd2 26. fxe5+ Nf5 27.
exf5 b3 28. fxg6+ Ke7 29. axb3 Qxg6 30. Nf5+ Ke8 31. Nd6+ Kd7 32. Qa4+ 1-0

[Event "II Open A"]
[Site "Conegliano ITA"]
[Date "2008.06.01"]
[Round "4"]
[White "De Marchi, Alessandro"]
[Black "Zanin, Dario"]
[Result "1/2-1/2"]
[WhiteElo "1691"]
[BlackElo "2026"]
[PlyCount "84"]
[EventDate "2008.05.31"]

1. d4 Nf6 2. c4 g6 3. Nc3 Bg7 4. e4 d6 5. f3 O-O 6. Be3 e5 7. dxe5 dxe5 8. Qxd8
Rxd8 9. Rd1 Rxd1+ 10. Kxd1 c6 11. c5 Be6 12. Kc2 Nbd7 13. Nge2 Bf8 14. b4 a5
15. a3 axb4 16. axb4 Ne8 17. Kb2 b6 18. cxb6 Bxb4 19. Nc1 Ba3+ 20. Kc2 Nd6 21.
Nb3 f5 22. exf5 Nxf5 23. Be2 Nd6 24. Bd3 c5 25. Nd2 Nxb6 26. Re1 Re8 27. Ra1
Bb4 28. Ra6 Rb8 29. Nde4 Bc8 30. Ra7 Rb7 31. Rxb7 Nxb7 32. Ba6 Bxc3 33. Kxc3
Nd5+ 34. Kd2 Nf4 35. g3 Ne6 36. Nxc5 Nexc5 37. Bxc5 Nxc5 38. Bxc8 Kf7 39. Kc3
Ke7 40. Kd2 Kd6 41. Bh3 Kd5 42. Ke3 h6 1/2-1/2

[Event "II Open A"]
[Site "Conegliano ITA"]
[Date "2008.06.01"]
[Round "4"]
[White "De Nardi, Riccardo"]
[Black "Mileto, Gabriele"]
[Result "1/2-1/2"]
[WhiteElo "1931"]
[BlackElo "2165"]
[PlyCount "50"]
[EventDate "2008.05.31"]

1. e4 g6 2. d4 d6 3. Nc3 Bg7 4. Be3 c6 5. Qd2 b5 6. Bd3 Nd7 7. f4 Ngf6 8. h3
Bb7 9. Nf3 a6 10. e5 b4 11. Ne4 Nxe4 12. Bxe4 a5 13. Ng5 d5 14. e6 f6 15. Nf7
Qc7 16. Nxh8 dxe4 17. exd7+ Qxd7 18. Nxg6 hxg6 19. g4 Qd5 20. Rf1 Ba6 21. Rf2
f5 22. gxf5 gxf5 23. c3 Bf6 24. Rg2 Qc4 25. Kf2 Kd7 1/2-1/2

[Event "II Open A"]
[Site "Conegliano ITA"]
[Date "2008.06.01"]
[Round "4"]
[White "Epishin, Vladimir V."]
[Black "Rombaldoni, Axel"]
[Result "1-0"]
[WhiteElo "2566"]
[BlackElo "2398"]
[PlyCount "39"]
[EventDate "2008.05.31"]

1. d4 d5 2. Nf3 c6 3. c4 e6 4. Nbd2 f5 5. g3 Nf6 6. Bg2 Be7 7. O-O O-O 8. b3 b6
9. Bb2 Ne4 10. Ne5 Bb7 11. Nxe4 dxe4 12. f3 exf3 13. exf3 c5 14. d5 exd5 15. f4
Bf6 16. cxd5 b5 17. Qc2 Qc8 18. a4 a6 19. d6 Rd8 20. axb5 1-0

[Event "II Open A"]
[Site "Conegliano ITA"]
[Date "2008.06.01"]
[Round "4"]
[White "Forato, Enrico"]
[Black "Dvirnyy, Danyyil"]
[Result "1/2-1/2"]
[WhiteElo "2037"]
[BlackElo "2321"]
[PlyCount "63"]
[EventDate "2008.05.31"]

1. g3 g6 2. Bg2 Bg7 3. Nf3 d6 4. O-O e5 5. d4 Nd7 6. e4 Ne7 7. dxe5 dxe5 8. Bg5
h6 9. Be3 Nb6 10. Qxd8+ Kxd8 11. Rd1+ Ke8 12. Nfd2 Be6 13. b3 c6 14. a4 f5 15.
f3 f4 16. Bf2 Nec8 17. Na3 a5 18. Ndc4 Nxc4 19. Nxc4 Bf6 20. Bf1 Rh7 21. Nd6+
Nxd6 22. Rxd6 Re7 23. Bc4 Bxc4 24. bxc4 Kf7 25. Rad1 Rc8 26. Bb6 Re6 27. Rd7+
Re7 28. R7d3 Re6 29. Kf2 c5 30. Rd7+ Re7 31. R7d5 Re6 32. Rd7+ 1/2-1/2

[Event "II Open A"]
[Site "Conegliano ITA"]
[Date "2008.06.01"]
[Round "4"]
[White "Genna, Jose' Miguel"]
[Black "Inkiov, Ventzislav V."]
[Result "0-1"]
[WhiteElo "2216"]
[BlackElo "2446"]
[PlyCount "88"]
[EventDate "2008.05.31"]

1. e4 c5 2. Nf3 d6 3. d4 cxd4 4. Nxd4 Nf6 5. Nc3 Nc6 6. Bc4 e6 7. Be3 a6 8. Qe2
Qc7 9. Bb3 Na5 10. O-O-O b5 11. f3 Be7 12. g4 Nxb3+ 13. axb3 Bb7 14. Kb1 Nd7
15. Qd2 Nc5 16. Bg5 b4 17. Na4 Bxg5 18. Qxg5 O-O 19. Qd2 Nxa4 20. bxa4 d5 21.
Rhe1 dxe4 22. fxe4 Rfd8 23. Qxb4 Rab8 24. Nb3 Rdc8 25. Rd2 Bc6 26. Qd4 h6 27.
Ree2 Qf4 28. h3 e5 29. Qe3 Qf1+ 30. Ka2 Bxa4 31. Nc5 Bb5 32. Nd3 Rc4 33. Re1
Qf6 34. Kb1 Bc6 35. Qa7 Rb7 36. Qa8+ Kh7 37. Qc8 Rd4 38. Rf2 Qd6 39. Qf5+ g6
40. Qf6 Rxd3 41. cxd3 Qxd3+ 42. Ka1 Qb5 43. Rfe2 Bxe4 44. Qd6 Bd3 0-1

[Event "II Open A"]
[Site "Conegliano ITA"]
[Date "2008.06.01"]
[Round "4"]
[White "Giuriati, Paolo"]
[Black "Tonel, Giulia"]
[Result "1-0"]
[WhiteElo "2206"]
[BlackElo "1952"]
[PlyCount "59"]
[EventDate "2008.05.31"]

1. d4 d5 2. Nf3 Nf6 3. c4 e6 4. Nc3 Nbd7 5. cxd5 exd5 6. Bg5 Be7 7. e3 c6 8.
Bd3 O-O 9. Qc2 Re8 10. O-O Nf8 11. Ne5 Nh5 12. Bxe7 Qxe7 13. Rae1 Nf6 14. e4
Be6 15. exd5 cxd5 16. a3 a6 17. f4 Qd6 18. f5 Bd7 19. g4 Qb6 20. Qf2 Bc6 21. g5
N6d7 22. Ng4 Bb5 23. Bxb5 axb5 24. Nxd5 Qd6 25. Nc3 b4 26. axb4 Qxb4 27. f6 Ne6
28. Rxe6 Rxe6 29. fxg7 Qe7 30. Nd5 1-0

[Event "II Open A"]
[Site "Conegliano ITA"]
[Date "2008.06.01"]
[Round "4"]
[White "Ikonnikov, Vyacheslav"]
[Black "Bertaglia, Luca"]
[Result "1-0"]
[WhiteElo "2578"]
[BlackElo "2064"]
[PlyCount "68"]
[EventDate "2008.05.31"]

1. d4 Nf6 2. Nf3 g6 3. c4 Bg7 4. Nc3 O-O 5. e4 d6 6. Be2 e5 7. O-O Na6 8. Re1
Bg4 9. d5 Nc5 10. Qc2 a5 11. Be3 b6 12. a3 a4 13. Bxc5 bxc5 14. Nd2 Bd7 15. Nb5
Ne8 16. Nb1 f5 17. N1c3 Nf6 18. exf5 gxf5 19. Nxa4 e4 20. Nac3 Re8 21. Qd2 e3
22. fxe3 Bh6 23. Bf3 Bxb5 24. Nxb5 Ne4 25. Qc2 Re5 26. a4 Ra5 27. Re2 Qe7 28.
Rae1 Kf8 29. Bxe4 Rxe4 30. Qc3 Rxa4 31. Qh8+ Kf7 32. Qxh7+ Bg7 33. Nc3 Raxc4
34. Nxe4 Rxe4 1-0

[Event "II Open A"]
[Site "Conegliano ITA"]
[Date "2008.06.01"]
[Round "4"]
[White "Jovanic, Ognjen"]
[Black "De Val, Daniele"]
[Result "1-0"]
[WhiteElo "2504"]
[BlackElo "2208"]
[PlyCount "143"]
[EventDate "2008.05.31"]

1. d4 Nf6 2. Nf3 e6 3. c4 Bb4+ 4. Nbd2 O-O 5. a3 Bxd2+ 6. Bxd2 Ne4 7. Bf4 d6 8.
e3 f5 9. Be2 Nd7 10. h3 b6 11. O-O Bb7 12. Bh2 Qe8 13. Qc2 Qg6 14. Rfd1 Ndf6
15. c5 Bd5 16. cxd6 cxd6 17. Rac1 Ng4 18. Rf1 Nxh2 19. Kxh2 f4 20. Bd3 fxe3 21.
fxe3 Qg3+ 22. Kh1 Nf6 23. Kg1 Bb7 24. Qf2 Qxf2+ 25. Rxf2 Rac8 26. Rfc2 Rxc2 27.
Rxc2 Rc8 28. Ng5 Rxc2 29. Bxc2 e5 30. dxe5 dxe5 31. Kf2 g6 32. Nf3 Nd7 33. b4
Bc6 34. g4 Kf7 35. g5 Ke6 36. e4 Nf8 37. Nd2 Ke7 38. Nc4 Nd7 39. a4 b5 40. Na5
Kd6 41. Ke3 Nf8 42. h4 Bd7 43. Nb7+ Kc7 44. Nc5 Bc6 45. a5 Kd6 46. Bb3 Be8 47.
Bg8 Bc6 48. Nd3 Bd7 49. Nc5 Bc6 50. Kf3 Be8 51. Kg4 Bc6 52. Bf7 Ke7 53. Bb3 Kd6
54. Kf3 Bd7 55. Ke3 Bc6 56. Nd3 Bd7 57. Nf2 Be6 58. Bd1 Bd7 59. Be2 Kc7 60. Nd1
Bc6 61. Nc3 a6 62. Nd5+ Bxd5 63. exd5 Kd6 64. Ke4 Nd7 65. Bg4 Nf8 66. Bh3 h6
67. gxh6 Nh7 68. Be6 Nf6+ 69. Kf3 Ke7 70. Bc8 e4+ 71. Ke2 Kd6 72. Bxa6 1-0

[Event "II Open A"]
[Site "Conegliano ITA"]
[Date "2008.06.01"]
[Round "4"]
[White "Luch, Michal"]
[Black "Bozzali, Ermanno"]
[Result "1-0"]
[WhiteElo "2383"]
[BlackElo "2202"]
[PlyCount "47"]
[EventDate "2008.05.31"]

1. d4 g6 2. e4 Bg7 3. Nf3 c6 4. Nc3 d5 5. h3 dxe4 6. Nxe4 Nd7 7. Bc4 Ngf6 8.
Nxf6+ Nxf6 9. O-O O-O 10. Re1 Nd5 11. c3 h6 12. Ne5 Qd6 13. Bb3 b5 14. Qf3 Be6
15. Qg3 Rac8 16. Nxg6 Qxg3 17. fxg3 fxg6 18. Rxe6 Kh7 19. Bxd5 cxd5 20. Rxe7 b4
21. Bd2 bxc3 22. bxc3 Rb8 23. Bf4 Rb2 24. Be5 1-0

[Event "II Open A"]
[Site "Conegliano ITA"]
[Date "2008.06.01"]
[Round "4"]
[White "Mazzilli, Piero"]
[Black "Verducci, Gianni"]
[Result "1-0"]
[WhiteElo "2332"]
[BlackElo "2010"]
[PlyCount "57"]
[EventDate "2008.05.31"]

1. e4 e6 2. Nf3 d5 3. Nc3 Nf6 4. e5 Nfd7 5. d4 c5 6. dxc5 Bxc5 7. Bd3 Nc6 8.
Bf4 a6 9. O-O Qc7 10. Re1 h6 11. Qd2 Nb6 12. a3 Nc4 13. Bxc4 dxc4 14. Ne4 Be7
15. Nd6+ Bxd6 16. exd6 Qa5 17. Qxa5 Nxa5 18. Ne5 Bd7 19. Bd2 Nc6 20. Nxc4 Nd4
21. Nb6 Rd8 22. Rac1 Bc6 23. Bb4 h5 24. f3 Rh6 25. Kf2 g5 26. Nc4 Rc8 27. d7+
Bxd7 28. Nd6+ Kd8 29. Nxf7+ 1-0

[Event "II Open A"]
[Site "Conegliano ITA"]
[Date "2008.06.01"]
[Round "4"]
[White "Panican, Gheorghe"]
[Black "Pomaro, Alberto"]
[Result "0-1"]
[WhiteElo "2053"]
[BlackElo "2209"]
[PlyCount "102"]
[EventDate "2008.05.31"]

1. e4 e6 2. d3 c5 3. Nf3 g6 4. g3 Bg7 5. Bg2 Ne7 6. O-O Nbc6 7. Re1 O-O 8. c3
d6 9. Be3 f5 10. Qd2 e5 11. exf5 Nxf5 12. Na3 Nxe3 13. Qxe3 Bf5 14. Nc4 Rc8 15.
a4 Re8 16. Nh4 Be6 17. Nf3 h6 18. Qe2 Bf7 19. Ncd2 d5 20. Qd1 Qd7 21. Nf1 Rcd8
22. h4 a6 23. Qc2 b5 24. Rad1 Qb7 25. axb5 axb5 26. Ra1 Qb6 27. N1d2 Be6 28.
Nf1 b4 29. N3d2 Bf6 30. Ra4 Bf7 31. Rea1 Rc8 32. Ra6 Qd8 33. Bh3 Rc7 34. Qa4
Nb8 35. Ra8 bxc3 36. bxc3 Rce7 37. Rb1 Qd6 38. c4 e4 39. cxd5 exd3 40. Nc4 Qxd5
41. Raxb8 Rxb8 42. Rxb8+ Kg7 43. Nfe3 Qd4 44. Nb2 Rxe3 45. fxe3 Qxe3+ 46. Kh2
Be5 47. Bg2 Qxg3+ 48. Kg1 Qe1+ 49. Bf1 Qe3+ 50. Kh1 Bd5+ 51. Bg2 Qh3+ 0-1

[Event "II Open A"]
[Site "Conegliano ITA"]
[Date "2008.06.01"]
[Round "4"]
[White "Pfeifer, Andreas"]
[Black "Tonus, Alex"]
[Result "0-1"]
[WhiteElo "2116"]
[BlackElo "1919"]
[PlyCount "72"]
[EventDate "2008.05.31"]

1. e4 c5 2. Nf3 d6 3. c3 Nf6 4. h3 Nc6 5. Bd3 g6 6. Bc2 Bg7 7. O-O O-O 8. Na3
a6 9. d4 cxd4 10. cxd4 e6 11. Re1 b5 12. Bb1 Bb7 13. Nc2 Rc8 14. b4 Ne7 15. Nd2
Nd7 16. a4 bxa4 17. Rxa4 Nb6 18. Ra3 Qd7 19. Bb2 Nc4 20. Nxc4 Rxc4 21. Ba2 Rc7
22. Bb3 Rfc8 23. Qd2 Qb5 24. Ra5 Qb6 25. Na3 Nc6 26. Nc4 Qxb4 27. Qxb4 Nxb4 28.
Nxd6 Rb8 29. Bc4 Nc6 30. Ra2 Nxd4 31. Bxd4 Bxd4 32. Bxa6 Bxa6 33. Rxa6 Rc2 34.
Rf1 Rbb2 35. Ra8+ Kg7 36. e5 Rxf2 0-1

[Event "II Open A"]
[Site "Conegliano ITA"]
[Date "2008.06.01"]
[Round "4"]
[White "Rossi, Gianni"]
[Black "Coqueraut, Jean Dominique"]
[Result "1/2-1/2"]
[WhiteElo "2012"]
[BlackElo "1975"]
[PlyCount "40"]
[EventDate "2008.05.31"]

1. d4 d5 2. e4 dxe4 3. Nc3 e5 4. Qh5 exd4 5. Bc4 Qd7 6. Nxe4 Qf5 7. Ng5 Nh6 8.
Qe2+ Be7 9. N1f3 c5 10. O-O Nc6 11. Bb5 Bd7 12. Re1 Ng8 13. Bd3 Qf6 14. Ne4 Qe6
15. Bc4 Qg6 16. Nfg5 Nh6 17. Bd3 Bf5 18. Nxc5 Bxd3 19. Nxd3 O-O 20. h4 Bxg5
1/2-1/2

[Event "II Open A"]
[Site "Conegliano ITA"]
[Date "2008.06.01"]
[Round "4"]
[White "Scalcione, Michelangelo"]
[Black "Dgebuadze, Alexandre"]
[Result "0-1"]
[WhiteElo "2455"]
[BlackElo "2528"]
[PlyCount "116"]
[EventDate "2008.05.31"]

1. Nf3 e6 2. c4 d5 3. d4 c6 4. Qc2 Nf6 5. Bg5 h6 6. Bxf6 Qxf6 7. Nbd2 Bb4 8. e3
Nd7 9. a3 Bxd2+ 10. Qxd2 dxc4 11. Bxc4 O-O 12. Rd1 b6 13. O-O Bb7 14. Rfe1 Rad8
15. Qc2 Rfe8 16. Bd3 c5 17. Be4 Bxe4 18. Qxe4 cxd4 19. Qxd4 Qe7 20. Ne5 Nxe5
21. Qxe5 Rxd1 22. Rxd1 Rc8 23. h3 Qg5 24. Qxg5 hxg5 25. Rd7 Rc1+ 26. Kh2 Rc2
27. Rxa7 Rxf2 28. b3 Rb2 29. b4 Re2 30. Ra8+ Kh7 31. a4 Rxe3 32. Ra6 Ra3 33.
Kg1 Kg6 34. Kf2 Kf6 35. Ke2 Ke5 36. Kd1 Kd4 37. Rxb6 Rxa4 38. Rb7 f6 39. Ke2
Ke4 40. Kf2 Kf4 41. b5 Ra2+ 42. Kf1 Rb2 43. b6 Kg3 44. Rxg7 Rb1+ 45. Ke2 Rxb6
46. Rg6 e5 47. Ke3 Ra6 48. Rg8 Ra4 49. Rg6 Rf4 50. Ke2 Kxg2 51. h4 Re4+ 52. Kd3
Rxh4 53. Rxf6 g4 54. Rf5 g3 55. Rxe5 Kh2 56. Re2+ g2 57. Ke3 Rh3+ 58. Kf4 Kh1
0-1

[Event "II Open A"]
[Site "Conegliano ITA"]
[Date "2008.06.01"]
[Round "4"]
[White "Tamai, Roberto"]
[Black "Georgiev, Vladimir"]
[Result "0-1"]
[WhiteElo "2290"]
[BlackElo "2572"]
[PlyCount "124"]
[EventDate "2008.05.31"]

1. e4 e5 2. Nf3 Nc6 3. Nc3 Nf6 4. d4 exd4 5. Nxd4 Bb4 6. Nxc6 bxc6 7. Bd3 O-O
8. O-O d5 9. exd5 cxd5 10. Bg5 c6 11. Ne2 h6 12. Bh4 Bd6 13. Nd4 c5 14. Nf5
Bxf5 15. Bxf5 Rb8 16. b3 Be5 17. Rb1 Qd6 18. Bg3 Bxg3 19. hxg3 Rfe8 20. Qf3 Re5
21. Rbe1 Rbe8 22. Rxe5 Qxe5 23. Bd3 h5 24. Qf4 Qc3 25. Qf3 Qe5 26. Qf4 Qe7 27.
Qd2 Qe6 28. Qf4 g6 29. Rd1 Ng4 30. Bb5 Re7 31. Bd3 Kg7 32. Rb1 Qb6 33. Qd2 c4
34. Bf1 Re5 35. Rd1 Rf5 36. bxc4 Rxf2 37. Qd4+ Qxd4 38. Rxd4 dxc4 39. Bxc4 Rxc2
40. Bb3 Rc1+ 41. Rd1 Rxd1+ 42. Bxd1 f5 43. Bb3 Nf6 44. Ba4 Ne4 45. Kh2 Kf6 46.
Be8 a5 47. Bc6 g5 48. Be8 g4 49. Bc6 Nc3 50. a4 Ke5 51. Be8 Ke4 52. Bd7 Ne2 53.
Bc8 Ke3 54. Bxf5 Kf2 55. Bd7 Nxg3 56. Bxg4 Nf1+ 57. Kh3 hxg4+ 58. Kxg4 Kxg2 59.
Kf4 Kf2 60. Ke4 Ke2 61. Kd4 Nd2 62. Kc5 Kd3 0-1

[Event "II Open A"]
[Site "Conegliano ITA"]
[Date "2008.06.01"]
[Round "4"]
[White "Vezzosi, Paolo"]
[Black "Van Hoolandt, Patrick"]
[Result "1-0"]
[WhiteElo "2351"]
[BlackElo "2183"]
[PlyCount "57"]
[EventDate "2008.05.31"]

1. d4 Nf6 2. c4 e6 3. Nf3 Bb4+ 4. Nbd2 b6 5. e3 Bb7 6. Bd3 O-O 7. O-O c5 8.
dxc5 Bxd2 9. Bxd2 bxc5 10. Qc2 d6 11. Bc3 e5 12. Ng5 h6 13. Ne4 Ne8 14. Ng3 Nc6
15. a3 Ne7 16. f4 exf4 17. Rxf4 d5 18. Raf1 f6 19. Nh5 Qd6 20. Rg4 Qe6 21. Rg3
dxc4 22. Bg6 Nxg6 23. Qxg6 Be4 24. Nxg7 Bxg6 25. Nxe6 Kf7 26. Nxf8 Bd3 27. Nd7
Bxf1 28. Kxf1 Rc8 29. Rf3 1-0

[Event "II Open A"]
[Site "Conegliano ITA"]
[Date "2008.06.01"]
[Round "4"]
[White "Xia, Jie"]
[Black "Corvi, Marco"]
[Result "1/2-1/2"]
[WhiteElo "2175"]
[BlackElo "2347"]
[PlyCount "91"]
[EventDate "2008.05.31"]

1. e4 Nf6 2. Nc3 d5 3. exd5 Nxd5 4. g3 Nxc3 5. bxc3 Qd5 6. Qf3 Qxf3 7. Nxf3 b6
8. Bg2 Bb7 9. O-O e6 10. d3 Bd6 11. Ng5 Bxg2 12. Kxg2 Nd7 13. Ne4 Nc5 14. Nxc5
Bxc5 15. Be3 Be7 16. f4 Bf6 17. Bd2 g6 18. Rae1 Kd7 19. Re4 h5 20. h4 Rhd8 21.
c4 Kc6 22. Rb1 Rd4 23. Kf3 Rxe4 24. Kxe4 Rd8 25. c3 Bg7 26. d4 Kb7 27. Be1 c6
28. Bf2 Ka6 29. Be1 b5 30. c5 Kb7 31. Bf2 Kc8 32. Rb4 Rd7 33. Rb1 Bf6 34. Rb2
Rb7 35. a3 Kb8 36. Be1 a6 37. Bd2 Ka7 38. Be1 a5 39. Kd3 Rd7 40. Ke4 Ka6 41.
Bd2 Bg7 42. Be1 Rb7 43. Kd3 Rd7 44. Ke4 Bf6 45. Bd2 Rb7 46. Kd3 1/2-1/2

[Event "II Open A"]
[Site "Conegliano ITA"]
[Date "2008.06.01"]
[Round "4"]
[White "Zanirato, Stefano"]
[Black "Lazzeri Memendez, Santos Gerardo"]
[Result "0-1"]
[WhiteElo "1970"]
[BlackElo "2112"]
[PlyCount "80"]
[EventDate "2008.05.31"]

1. e4 e5 2. Nf3 Nc6 3. d4 exd4 4. Nxd4 Nf6 5. Nxc6 bxc6 6. Bd3 d6 7. h3 Be7 8.
O-O O-O 9. Nc3 Nd7 10. Be3 Ne5 11. Be2 f5 12. f4 Nf7 13. Qd2 fxe4 14. Nxe4 d5
15. Ng5 Nd6 16. Bd3 h6 17. Qe2 Nf5 18. Bxf5 Bxf5 19. g4 Bc8 20. Nf3 a5 21. Qd2
c5 22. c3 Ba6 23. Rfd1 Bb7 24. Ne5 Bd6 25. Ng6 Re8 26. f5 Qd7 27. Rf1 Qc6 28.
Bf4 d4 29. Kh2 d3 30. Rf2 Qe4 31. Bxd6 cxd6 32. Nf4 c4 33. Ne6 Qe5+ 34. Qf4
Rac8 35. Qxe5 dxe5 36. Re1 e4 37. Kg3 Bd5 38. Kf4 Bxe6 39. fxe6 Rxe6 40. Rxe4
Rf8+ 0-1

[Event "II Open A"]
[Site "Conegliano ITA"]
[Date "2008.06.02"]
[Round "5"]
[White "Bertaglia, Luca"]
[Black "Boscolo, Federico"]
[Result "1-0"]
[WhiteElo "2064"]
[BlackElo "1930"]
[PlyCount "117"]
[EventDate "2008.05.31"]

1. e4 e5 2. Nf3 Nf6 3. Nxe5 d6 4. Nf3 Nxe4 5. Nc3 d5 6. Qe2 Be7 7. Nxe4 dxe4 8.
Qxe4 O-O 9. Bc4 Re8 10. O-O Bf6 11. Qf4 a6 12. d4 b5 13. Bb3 Bb7 14. c3 Nd7 15.
Bd2 c5 16. Rfe1 cxd4 17. Rxe8+ Qxe8 18. Re1 Qf8 19. cxd4 Bxf3 20. Qxf3 Rd8 21.
Ba5 Rc8 22. Qb7 Nb8 23. Bxf7+ Kh8 24. Qxc8 Qxc8 25. Re8+ Qxe8 26. Bxe8 Kg8 27.
Bc7 Kf8 28. Bxb8 Kxe8 29. Be5 Ke7 30. f4 g5 31. Bxf6+ Kxf6 32. fxg5+ Kxg5 33.
Kf2 Kf4 34. d5 Ke5 35. Ke3 Kxd5 36. g4 a5 37. Kf4 Kd4 38. g5 Kd3 39. h4 Kc2 40.
h5 Kxb2 41. g6 hxg6 42. hxg6 Kxa2 43. g7 b4 44. g8=Q+ b3 45. Qa8 b2 46. Qxa5+
Kb3 47. Qb5+ Kc2 48. Qc4+ Kd1 49. Qb3+ Kc1 50. Qc3+ Kb1 51. Ke3 Ka2 52. Qa5+
Kb3 53. Qb5+ Kc2 54. Qd3+ Kc1 55. Qc3+ Kb1 56. Kd2 Ka2 57. Qa5+ Kb1 58. Kc3 Kc1
59. Qa3 1-0

[Event "II Open A"]
[Site "Conegliano ITA"]
[Date "2008.06.02"]
[Round "5"]
[White "Bozzali, Ermanno"]
[Black "De Nardi, Riccardo"]
[Result "0-1"]
[WhiteElo "2202"]
[BlackElo "1931"]
[PlyCount "68"]
[EventDate "2008.05.31"]

1. e4 c5 2. Nf3 d6 3. d4 cxd4 4. Nxd4 Nf6 5. Nc3 g6 6. Be3 Bg7 7. f3 Nc6 8. Bc4
O-O 9. Qd2 Bd7 10. Bb3 Na5 11. O-O-O Rb8 12. h4 b5 13. h5 Nxb3+ 14. cxb3 b4 15.
Na4 e5 16. Ne2 d5 17. hxg6 fxg6 18. Nc5 d4 19. Nxd7 Nxd7 20. Bg5 Qa5 21. Kb1
Qb5 22. Nc1 a5 23. Qf2 Rf7 24. Rh3 Bf8 25. Nd3 Rc8 26. Qg3 a4 27. bxa4 Qc4 28.
Rd2 Nc5 29. b3 Nxb3 30. axb3 Qxb3+ 31. Nb2 Rfc7 32. Rh1 Rc2 33. Rxc2 Qxc2+ 34.
Ka1 Rc3 0-1

[Event "II Open A"]
[Site "Conegliano ITA"]
[Date "2008.06.02"]
[Round "5"]
[White "Coqueraut, Jean Dominique"]
[Black "Panican, Gheorghe"]
[Result "1/2-1/2"]
[WhiteElo "1975"]
[BlackElo "2053"]
[PlyCount "51"]
[EventDate "2008.05.31"]

1. d4 Nf6 2. c4 c5 3. e3 g6 4. Nc3 b6 5. Nf3 Bg7 6. dxc5 bxc5 7. Be2 O-O 8. O-O
Bb7 9. Qc2 Nc6 10. a3 a6 11. Rd1 d6 12. Rb1 a5 13. b3 Qc8 14. Bb2 Nb8 15. Nd5
Bxd5 16. cxd5 Nbd7 17. e4 Qb8 18. Bc3 Rc8 19. Bc4 Qc7 20. Re1 Ne8 21. Bxg7 Nxg7
22. Rb2 Ne5 23. Nxe5 dxe5 24. a4 Ne8 25. Qc3 Ra7 26. Rc2 1/2-1/2

[Event "II Open A"]
[Site "Conegliano ITA"]
[Date "2008.06.02"]
[Round "5"]
[White "Corvi, Marco"]
[Black "Forato, Enrico"]
[Result "1-0"]
[WhiteElo "2347"]
[BlackElo "2037"]
[PlyCount "85"]
[EventDate "2008.05.31"]

1. c4 g6 2. Nc3 Bg7 3. g3 d6 4. Bg2 e5 5. Nf3 f5 6. d4 e4 7. Ng5 c6 8. h4 Nf6
9. Nh3 Be6 10. d5 Bf7 11. Ng5 Bg8 12. Bf4 h6 13. Nh3 cxd5 14. Qa4+ Nc6 15. Rd1
Qa5 16. Qxa5 Nxa5 17. Nb5 Kd7 18. Nxd6 Nh5 19. c5 Bxb2 20. O-O b6 21. Bd2 Nc6
22. Nc4 Bd4 23. cxb6 axb6 24. Bc3 dxc4 25. Bxd4 Nxd4 26. Rxd4+ Kc6 27. Rfd1
Rxa2 28. g4 Ng7 29. Nf4 Bf7 30. Rd7 c3 31. Rxf7 c2 32. Rc1 Rd8 33. Rxc2+ Rxc2
34. Rxg7 Rc1+ 35. Kh2 Rd6 36. Nxg6 fxg4 37. Bxe4+ Kb5 38. Bd3+ Kc5 39. Ne5 Kb4
40. Rxg4+ Kc3 41. Rc4+ Kd2 42. Rb4 Rc5 43. Nc4+ 1-0

[Event "II Open A"]
[Site "Conegliano ITA"]
[Date "2008.06.02"]
[Round "5"]
[White "De Val, Daniele"]
[Black "De Filomeno, Simone"]
[Result "1-0"]
[WhiteElo "2208"]
[BlackElo "2088"]
[PlyCount "85"]
[EventDate "2008.05.31"]

1. d4 Nf6 2. c4 g6 3. Nc3 Bg7 4. e4 O-O 5. Bd3 d6 6. Nge2 e5 7. d5 Nh5 8. Be3
f5 9. f3 f4 10. Bf2 Na6 11. a3 Nc5 12. Bc2 a5 13. b4 axb4 14. axb4 Rxa1 15.
Qxa1 Na6 16. Qa3 Qg5 17. Rg1 Qe7 18. c5 Bf6 19. Bd3 dxc5 20. bxc5 Bh4 21. Bxa6
bxa6 22. Nd1 Bxf2+ 23. Nxf2 Bd7 24. Kd2 Bb5 25. Nc3 Qh4 26. Nh3 Bd7 27. d6 cxd6
28. cxd6 Rd8 29. Rd1 Bxh3 30. gxh3 Qf2+ 31. Ne2 Nf6 32. Qb3+ Kg7 33. Qe6 Rd7
34. Qxe5 Qxf3 35. Nc3 Qe3+ 36. Kc2 f3 37. Qxf6+ Kxf6 38. Nd5+ Ke6 39. Nxe3 Rxd6
40. Rxd6+ Kxd6 41. Kd3 Ke6 42. Nc4 a5 43. Ke3 1-0